Incollable #35 - Animaux - Statistiques

Statistiques générales
  • Ce quiz a été pris 440 fois
  • Le résultat moyen est 8 sur 13
Statistiques - réponses
Niveaux Questions Réponses % Correct
CP De quel animal la jument est-elle la femelle ? Le cheval
99%
CE1 Mon premier est la première syllabe de « Papa ».Mon second est le contraire de « légère ». Mon tout est un coquillage. La palourde (pa-lourde)
98%
Lycée Sur quel continent vit le tigre ? L’Asie
92%
CM1 De quel animal le faisandeau est-il le petit ? Du faisan
87%
CM2 Quel animal porte le nom d’une personne qui n’aime pas faire d’effort ? Le paresseux (mammifère très lent d’Amérique du Sud)
79%
CE2 En trois lettres: ingrédients de cuisine utilisé pour faire sortir un coquillage de son trou. Le sel
69%
CM2 Quel est le point commun entre un écureuil, un rat et un cochon d’Inde ? Ce sont des rongeurs
67%
CM1 Comment appelle-t-on la mère du marcassin ? La laie
60%
CE1 À la ferme, dans quoi le lapin vit-il ? Dans un clapier
56%
CP Comment appelle-t-on un animal dont le corps est mou, comme l’escargot ? Un mollusque
52%
Lycée Quel est le singe de Bornéo dont le nez pousse tout au long de sa vie ? Le nasique (mâle)
36%
Collège En trois lettres: museau du dauphin. Le bec
31%
Collège Je suis un oiseau très léger.Je suis aussi un roi peu puissant. Que suis-je ? Le roitelet
10%
Aucun quiz correspondant
Distribution des résultats
% des personnes avec chaque résultat
Percentile par nombre de réponses
Votre historique - résultats
Vous n’avez pas pris ce quiz